00493nam a2200169 a 4500008004100000020001500041050001900056100001900075245005800094246003900152260003300191300002200224350000900246650001300255650003400268650002100302060316s1972 ||||||||||||||||| || u a0442244630 aTK 7868.S9 Kli aKlir, George J10aIntroduction to the methodology of switching circuits aMethodology of switching circuits. aNew YorkbVan Nostrandc1972 axv, 573 p. illus. a0.00 aCIRCUITS aSWITCHING THEORY--METHODOLOGY aSWITCHING THEORY